000 00527nam a2200121Ia 4500
008 220620s9999||||xx |||||||||||||| ||und||
245 0 _aRemembering and Forgetting the Ancient City
546 _aEnglish[eng]
650 _aHistory||Ancient||Rome||Social Science||Archaeology
700 _aMartínez Jiménez, Javier||Ottewill-Soulsby, Sam
856 _uhttps://library.oapen.org/bitstream/20.500.12657/54112/1/external_content.pdf||https://library.oapen.org/bitstream/20.500.12657/54112/1/external_content.pdf
942 _cEB
999 _c22325
_d22325